| 000 | 00918cam a2200277 a 4500 | ||
|---|---|---|---|
| 001 | 480082 | ||
| 003 | NUST-PNEC | ||
| 005 | 20170116180709.0 | ||
| 008 | 840828s1985 nyua b 001 0 eng | ||
| 010 | _a 84020128 | ||
| 020 | _a0070540209 | ||
| 040 | _cPNEC | ||
| 050 | 0 | 0 |
_aTJ230 _b.M43 1985 |
| 082 | 0 | 0 | _a621.815 ROT |
| 100 |
_9467 _aRothbart, Harold A. |
||
| 245 | 0 | 0 |
_aMechanical design and systems handbook / _cHarold A. Rothbart, editor in chief. |
| 250 | _a2nd ed. | ||
| 260 |
_aNew York : _bMcGraw-Hill, _cc1985. |
||
| 300 |
_a1 v. (various pagings) : _bill. ; _c24 cm. |
||
| 500 | _aIncludes Index http://www.worldcat.org/title/mechanical-design-and-systems-handbook/oclc/11158944&referer=brief_results | ||
| 504 | _aIncludes bibliographies and index. | ||
| 650 | 0 |
_aMachine design _xME |
|
| 700 | 1 | _aRothbart, Harold A. | |
| 906 |
_a7 _bcbc _corignew _d1 _eocip _f19 _gy-gencatlg |
||
| 942 |
_2ddc _cBK |
||
| 999 |
_c60859 _d60859 |
||